| 000 | 00891cam a2200265 4500 | ||
|---|---|---|---|
| 001 | J61 | ||
| 008 | 090401t1989 xxu||||| |||| 00| 0 eng d | ||
| 035 | _a(Sirsi) u37920 | ||
| 041 | _aeng | ||
| 050 | _a333.2 | ||
| 245 | _aCharitable land trusts: their history, nature and uses. | ||
| 260 |
_bLand Trusts Association _c1989 |
||
| 300 | _a48p. ; 21cm. | ||
| 350 | _a5 | ||
| 505 | _aIntroduction -- History of the association -- Types of land trust and their uses -- Land trusts and estate management -- Fiscal and legal aspects of land trusts -- Land trusts and the local community -- Case studies. | ||
| 650 | _aLANDED ESTATES | ||
| 650 | _aTRUSTS | ||
| 690 | _aLAND | ||
| 700 |
_aMiles, A.B. _xEditor |
||
| 700 |
_aSurtees, Charles W. _xEditor |
||
| 700 |
_aBoddington, Michael A. B. _xEditor |
||
| 710 |
_aLand Trusts Association _93224 |
||
| 942 | _n0 | ||
| 948 | _c04/03/1997 | ||
| 999 |
_c90577 _d90577 |
||